<?xml version="1.0" encoding="UTF-8"?>
<record
    xmlns:xsi="http://www.w3.org/2001/XMLSchema-instance"
    xsi:schemaLocation="http://www.loc.gov/MARC21/slim http://www.loc.gov/standards/marcxml/schema/MARC21slim.xsd"
    xmlns="http://www.loc.gov/MARC21/slim">

  <leader>00858nam a22001937a 4500</leader>
  <controlfield tag="005">20150124124131.0</controlfield>
  <controlfield tag="008">121122t        mx||||| |||| 00| 0 spa d</controlfield>
  <datafield tag="050" ind1="0" ind2="4">
    <subfield code="a">BX4705 .B37</subfield>
    <subfield code="b">B37 [1977]</subfield>
  </datafield>
  <datafield tag="100" ind1="1" ind2=" ">
    <subfield code="a">Barrag&#xE1;n Orozco, Antonio,</subfield>
    <subfield code="c">[Pbro.]</subfield>
  </datafield>
  <datafield tag="245" ind1="1" ind2="0">
    <subfield code="a">A&#xF1;oranzas de Apatzing&#xE1;n : con motivo de los quince a&#xF1;os de la erecci&#xF3;n de la Di&#xF3;cesis /</subfield>
    <subfield code="c">Antonio Barrag&#xE1;n Orozco.</subfield>
  </datafield>
  <datafield tag="250" ind1=" " ind2=" ">
    <subfield code="a">1a. ed.</subfield>
  </datafield>
  <datafield tag="260" ind1=" " ind2=" ">
    <subfield code="a">[Apatzing&#xE1;n de la Constituci&#xF3;n, Michoac&#xE1;n de Ocampo, M&#xE9;xico] :</subfield>
    <subfield code="b">[s. n.],</subfield>
    <subfield code="c">[1977]</subfield>
  </datafield>
  <datafield tag="300" ind1=" " ind2=" ">
    <subfield code="a">44 p. :</subfield>
    <subfield code="b">il. ;</subfield>
    <subfield code="c">21 cm.</subfield>
  </datafield>
  <datafield tag="500" ind1=" " ind2=" ">
    <subfield code="a">Nota : El T&#xED;tulo se tomo de la pasta</subfield>
  </datafield>
  <datafield tag="600" ind1="1" ind2="7">
    <subfield code="2">LEMB</subfield>
    <subfield code="a">Barrag&#xE1;n Orozco, Antonio,</subfield>
    <subfield code="c">[Pbro.],</subfield>
    <subfield code="x">Relatos personales</subfield>
  </datafield>
  <datafield tag="610" ind1="1" ind2="7">
    <subfield code="2">LEMB</subfield>
    <subfield code="a">M&#xE9;xico.</subfield>
    <subfield code="b">Di&#xF3;cesis de Apatzing&#xE1;n</subfield>
    <subfield code="x">Historia</subfield>
  </datafield>
  <datafield tag="650" ind1=" " ind2="7">
    <subfield code="2">LEMB</subfield>
    <subfield code="a">Obispos</subfield>
    <subfield code="x">Historia</subfield>
    <subfield code="z">Apatzing&#xE1;n de la Constituci&#xF3;n (Michoac&#xE1;n de Ocampo)</subfield>
    <subfield code="z">M&#xE9;xico</subfield>
  </datafield>
  <datafield tag="942" ind1=" " ind2=" ">
    <subfield code="2">lcc</subfield>
    <subfield code="c">LIB</subfield>
  </datafield>
  <datafield tag="999" ind1=" " ind2=" ">
    <subfield code="c">35188</subfield>
    <subfield code="d">35188</subfield>
  </datafield>
  <datafield tag="952" ind1=" " ind2=" ">
    <subfield code="1">0</subfield>
    <subfield code="2">lcc</subfield>
    <subfield code="4">0</subfield>
    <subfield code="7">0</subfield>
    <subfield code="a">INV-033</subfield>
    <subfield code="b">INV-033</subfield>
    <subfield code="c">FM</subfield>
    <subfield code="d">2012-11-22</subfield>
    <subfield code="f">1a ed.</subfield>
    <subfield code="k">CA</subfield>
    <subfield code="l">1</subfield>
    <subfield code="m">1</subfield>
    <subfield code="o">BX4705 .B37 B37 [1977]</subfield>
    <subfield code="p">IIH000009256</subfield>
    <subfield code="r">2025-12-12 13:29:31</subfield>
    <subfield code="s">2025-11-12</subfield>
    <subfield code="t">C:1</subfield>
    <subfield code="v">1.00</subfield>
    <subfield code="y">LIB</subfield>
    <subfield code="z">MICHOAC&#xC1;N</subfield>
  </datafield>
</record>
